Statystyki dla Państwa według ich prezydenta

Kliknij tutaj aby rozwiązać quiz!

Ogólne statystyki

  • Ten quiz został rozwiązany 21 razy
  • Średni wynik to 7 z 15

Statystyki odpowiedzi

WskazówkaOdpowiedź% Poprawnych
Emmanuel MacronFrancja
100%
Andrzej DudaPolska
94%
władimir putinRosja
94%
Alberto FernándezArgentyna
78%
Zuzana ČaputováSłowacja
78%
Recep Tayyip ErdoğanTurcja
78%
Frank-Walter SteinmeierNiemcy
67%
Ebrahim Ra’isiIran
50%
Alejandro GiammatteiGwatemala
11%
Raszad al-AlimiJemen
11%
Emomali RahmonTadżykistan
6%
Fernando Vérgez AlzagaWatykan
6%
David W. PanueloMikronezja
0%
Hage GeingobNamibia
0%
Faure GnassingbéTogo
0%

Rozkład punktacji

Percentyl według liczby udzielonych odpowiedzi

Procent ludzi z każdym wynikiem

Twoja historia wyników

Nie rozwiązałeś tego quizu